| 000 | 00843nam a2200229Ia 4500 | ||
|---|---|---|---|
| 003 | GCL | ||
| 008 | 140319s9999 xx 000 0 ara d | ||
| 040 |
_aGCL / _cGCL |
||
| 082 | 0 | 4 |
_a025.43 _bش ن |
| 100 | 1 | _aشعبان عبدالعزيز خليفة | |
| 245 | 1 | 0 |
_aنظم تصنيف المعرفة عند المسلمين دراسة تحليلية / _cشعبان عبدالعزيز خليفة |
| 700 | 1 | _aماهر عبدالقادر محمد | |
| 700 | 1 | _aناهد محمد سالم | |
| 260 |
_aالقاهرة : _bدار الثقافة العلمية ، _c2000 |
||
| 300 |
_a348 ص ؛ _c24 سم |
||
| 490 |
_aسلسلة المكتبات والمعلومات _v20 |
||
| 650 | 0 | 4 | _aالاجراءات الفنية |
| 650 | 0 | 4 | _aتصنيف الكتب |
| 650 | 0 | 4 | _aالتصنيف |
| 650 | 0 | 4 | _aنظم التصنيف |
| 942 |
_2ddc _cBK |
||
| 999 |
_c8089 _d8089 |
||